| Поле | Инд. | ПП | Название | Значение |
|---|---|---|---|---|
| Тип записи | a | |||
| Библиографический уровень | b | |||
| 001 | Контрольный номер | RU/IS/BASE/324747335 | ||
| 005 | Дата корректировки | 20220713141642.0 | ||
| 008 | Кодируемые данные | 20100416 | ||
| 040 | b | Код языка каталог. | rus | |
| e | Правила каталог. | PSBO | ||
| 041 | 0_ | a | Код языка текста | rus |
| 084 | a | Индекс другой классификации/Индекс ББК | 83.3(0)3; 81.451-03-3 | |
| 100 | 1_ | a | Автор | Жаворонков А. Г. |
| q | Полное имя | Жаворонков Алексей Геннадьевич | ||
| 245 | 10 | a | Заглавие | Глаголы знания в "Илиаде" и "Одиссее" |
| 504 | a | Библиография | Библиогр. ссылки. - Примеч.: с. 92 - 93 | |
| 520 | 0_ | a | Аннотация | Статья представляет собой анализ шести гомеровских глаголов знания. Автор стремится продемонстрировать гибкость между глаголами в рамках гомеровского концепта знания. Вместо традиционного деления на глаголы теоретического и практического знания или на глаголы, относящиеся к мышлению, и глаголы восприятия в статье предлагается комплексный подход к проблеме: в ходе семантического анализа автор статьи выделяет сразу несколько значимых для системы глаголов знаний оппозиции |
| 600 | 14 | a | Персоналии | Гомер |
| 650 | 04 | a | Основная рубрика | история литературы |
| a | Основная рубрика | литературоведение | ||
| a | Основная рубрика | филологические науки | ||
| a | Основная рубрика | частное языкознание | ||
| a | Основная рубрика | языкознание; лексикология | ||
| a | Основная рубрика | история языка | ||
| 653 | 0_ | a | Ключевые слова | "Илиада" |
| a | Ключевые слова | "Одиссея" | ||
| a | Ключевые слова | глаголы знания | ||
| a | Ключевые слова | древнегреческий язык | ||
| a | Ключевые слова | знание | ||
| a | Ключевые слова | лексика | ||
| a | Ключевые слова | семантика | ||
| a | Ключевые слова | семантика глагола | ||
| a | Ключевые слова | семантический анализ | ||
| a | Ключевые слова | язык автора | ||
| 773 | 08 | t | Заглавие источника | Вестник Московского университета. Серия 9, Филология |
| d | Дата издания источника | 2009 | ||
| g | Прочая информация | № 4. - С. 77 - 93 | ||
| w | Контрольный № источника | RU/IS/BASE/321796379 | ||
| 901 | t | Тип документа | b |